Normal view
MARC view
Entry Personal Name
001 - CONTROL NUMBER
- control field: 12237
003 - CONTROL NUMBER IDENTIFIER
- control field: OSt
005 - DATE AND TIME OF LATEST TRANSACTION
- control field: 20240507210445.0
008 - FIXED-LENGTH DATA ELEMENTS
- fixed length control field: 240507|| aca||aabn | a|a d
040 ## - CATALOGING SOURCE
- Original cataloging agency: OSt
- Transcribing agency: OSt
100 ## - HEADING--PERSONAL NAME
- Personal name: Torres, Bryan James V., author
670 ## - SOURCE DATA FOUND
- Source citation: Work cat.: (OSt): Gonzales, Alyssa Joi A., author. 12236, Heritage Cooking: an android-based tutorial for Filipino katutubo dishes / , 2019.
